000
00194nam a2200085 4500
001
1241612
005
20251013115903.0
245
_a
ÖMER SEYFETTİN SEÇMELER
_c
ÖMER SEYFETTİN
260
_b
AKVARYUM
999
_c
1241612
_d
1241612